Gente normal /
保存先:
| 第一著者: | |
|---|---|
| その他の著者: | |
| フォーマット: | 図書 |
| 言語: | スペイン語 |
| 出版事項: |
Barcelona, España :
Penguin Random House,
2019, c2019
|
| シリーズ: | (Literatura Random House)
|
| 主題: | |
| オンライン・アクセス: | Ver documento en línea |
| タグ: |
タグなし, このレコードへの初めてのタグを付けませんか!
|
MARC
| LEADER | 00000nam^a2200000^a^4500 | ||
|---|---|---|---|
| 001 | 000590383 | ||
| 005 | 20251023000000.0 | ||
| 009 | 20260310132907.608 | ||
| 020 | |a 9788439736455 | ||
| 037 | |a Acervo ITESO - Biblioteca | ||
| 041 | |a ESP | ||
| 082 | |a 823. |b ROO | ||
| 100 | |a Rooney, Sally |e (autor) | ||
| 245 | 1 | 0 | |a Gente normal / |c S. Rooney ; tr. por I. Pellisa. |
| 264 | 4 | |a Barcelona, España : |b Penguin Random House, |c 2019, c2019 | |
| 264 | 2 | |a Birmingham, EUA : |b EBSCOhost [distribución], |c 2024 | |
| 300 | |a 1 libro electrónico en línea (1 v. sin paginación) | ||
| 300 | |a 1 recurso en línea | ||
| 336 | |a datos para computadora |b cod |2 rdacontenido | ||
| 337 | |a computadora |b c |2 rdamedio | ||
| 338 | |a recurso en línea |b cr |2 rdasoporte | ||
| 440 | 1 | |a (Literatura Random House) | |
| 500 | |a Traducción de: Normal People | ||
| 506 | 1 | |a 1 licencia | |
| 521 | |a Peticiones 2024 | ||
| 530 | |a Existe una edición en formato audiolibro con el mismo título | ||
| 649 | |a XX | ||
| 650 | |a Jóvenes en la Literatura | ||
| 650 | |a Novela Irlandesa | ||
| 650 | |a Literatura Irlandesa - |y Siglo XXI | ||
| 650 | |a Literatura de Mujeres - |z Irlanda | ||
| 650 | |a Literatura en Inglés - |y Irlanda | ||
| 650 | |a Amistad en la Literatura | ||
| 650 | |a Amor en la Literatura | ||
| 700 | |a Pellisa, Inga |e (traducción) | ||
| 856 | 4 | 0 | |u https://ezproxy.iteso.mx/login?url=https://search.ebscohost.com/login.aspx?direct=true&scope=site&db=nlebk&db=nlabk&AN=2239383 |y Ver documento en línea |
| 910 | |a Fondo General | ||
| 920 | |a Electrónicos - Libros en Línea | ||
| 930 | |a Plataforma Digital | ||
| 940 | |a Literatura | ||
| 905 | |a 205 | ||
| 901 | |a 590383-1 |b IT2 |c EBO |i C |u 20250521 | ||
| 902 | |a https://opac.biblio.iteso.mx/vufind/Record/000590383 | ||